| 000 | 00533nam a2200181Ia 4500 | ||
|---|---|---|---|
| 999 |
_c37117 _d37117 |
||
| 003 | OSt | ||
| 005 | 20210123130525.0 | ||
| 008 | 190216s9999||||xx |||||||||||||| ||und|| | ||
| 020 | _a9788121915311 | ||
| 040 | _coclc | ||
| 082 |
_a428.076 _bAGG/O |
||
| 100 |
_aAggarwal, R S _96530 |
||
| 245 | 0 |
_aObjective General English / _cR S Aggarwal ; Vikas Aggarwal |
|
| 260 |
_bS. Chand & Company, _c2013. _aNew Delhi: |
||
| 300 | _a652p | ||
| 650 | _aReferences | ||
| 942 |
_cREF _2ddc _h428.076 _iAGG/O _k428.076 _mAGG/O |
||